North American Countries Capital Multiple Choice Quiz - Statistics

General Stats
  • This quiz has been taken 26 times
  • The average score is 20 of 23
Answer Stats
Question Answer % Correct
What is the Capital of Saint Kitts and Nevis Basseterre
100%
What is the Capital of Guatemala? Guatemala City
100%
What is the Capital of Cuba? Havana
100%
What is the Capital of Jamaica? Kingston
100%
What is the Capital of Mexico? Mexico City
100%
What is the Capital of Canada? Ottawa
100%
What is the Capital of Panama? Panama City
100%
What is the Capital of Haiti? Port-au-Prince
100%
What is the Capital of Grenada Saint George's
100%
What is the Capital of Costa Rica? San Jose
100%
What is the Capital of Dominican Republic? Santo Domingo
100%
What is the Capital of the USA (United States of America)? Washington D.C.
100%
What is the Capital of Belize? Belmopan
80%
What is the Capital of Barbados? Bridgetown
80%
What is the Capital of the Bahamas? Nassau
80%
What is the Capital of Trinidad and Tobago Port of Spain
80%
What is the Capital of Dominica? Roseau
80%
What is the Capital of the Antigua and Barbuda? Saint John's
80%
What is the Capital of El Salvador San Salvador
80%
What is the Capital of Honduras? Tegucigalpa
80%
What is the Capital of Saint Lucia? Castries
40%
What is the Capital of Saint Vincent and the Grenadines? Kingstown
40%
What is the Capital of Nicaragua? Managua
40%
No matching quizzes found
Score Distribution
Percent of People with Each Score
Percentile by Number Answered
Your Score History
You have not taken this quiz